000 00822cam a22002531i 4500
001 sa 68010787
003 DLC
005 20260227112555.0
008 860508s1967 ii ac b 000 0bhin
010 _asa 68010787
035 _a(OCoLC)13544823
040 _aDLC
_cNcD
_dNcD
_dDLC
042 _apremarc
050 0 0 _aLA2385.N28
_bB47
100 1 _aBhave, Savita R.,
_d1933-
245 1 0 _aNānā, eka śilpakāra;
_bNā. Ga. Nāraḷakara vividha darśana./
_clekhaka Savitā Ra. Bhāve.
250 _a1. āvr̥ttī.
260 _aPuṇe :
_bViśvakarmā Sāhityālaya,
_c1967.
300 _a10, 383 p. :
_bill., ports. ;
_c22 cm.
500 _aIn Marathi.
504 _aIncludes bibliographical references.
600 1 0 _aNaralkar, Narayan Ganesh,
_d1892-1966.
650 0 _aEducators
_zIndia
_zMaharashtra
_vBiography.
999 _c83545
_d83545